| 000 | 00444nam a22001697a 4500 | ||
|---|---|---|---|
| 003 | CEME | ||
| 005 | 20210628202112.0 | ||
| 008 | 210415b xxu||||| |||| 00| 0 eng d | ||
| 020 | _a13-216036-6 | ||
| 040 | _c. | ||
| 082 | _a621.317 CAD'D | ||
| 100 |
_aCadzow, James A ,Martens, Hinrich R _958289 |
||
| 245 | _aDiscrete time and computer control systems | ||
| 260 |
_aNEWJERCSY _bPRENTICE HALL _c1970 |
||
| 300 | _a473P | ||
| 942 |
_cBK _2ddc |
||
| 999 |
_c568484 _d568484 |
||